MARC details
| 000 -LEADER |
| fixed length control field |
01618nam a2200253 a 4500 |
| 008 - FIXED-LENGTH DATA ELEMENTS--GENERAL INFORMATION |
| fixed length control field |
110902s2001 ||||||||||||||||| || u |
| 020 ## - INTERNATIONAL STANDARD BOOK NUMBER |
| International Standard Book Number |
0071349006 |
| 050 ## - LIBRARY OF CONGRESS CALL NUMBER |
| Classification number |
RT 50.5 Ess |
| 100 ## - MAIN ENTRY--PERSONAL NAME |
| Personal name |
McCormick, Kathleen |
| 245 10 - TITLE STATEMENT |
| Title |
Essentials of computers for nurses: informatics for the new millennium.-- 3rd ed. |
| Statement of responsibility, etc. |
editors, Virginia K. Saba, Kathleen A. McCormick |
| 250 ## - EDITION STATEMENT |
| Edition statement |
3rd ed. |
| 260 ## - PUBLICATION, DISTRIBUTION, ETC. |
| Place of publication, distribution, etc. |
New York |
| Name of publisher, distributor, etc. |
McGraw-Hill |
| Date of publication, distribution, etc. |
2001 |
| 300 ## - PHYSICAL DESCRIPTION |
| Extent |
xviii, 555p.: ill. |
| 350 ## - |
| -- |
0.00 |
| 650 ## - SUBJECT ADDED ENTRY--TOPICAL TERM |
| Topical term or geographic name entry element |
COMPUTERS |
| 650 ## - SUBJECT ADDED ENTRY--TOPICAL TERM |
| Topical term or geographic name entry element |
NURSING--DATA PROCESSING |
| 650 ## - SUBJECT ADDED ENTRY--TOPICAL TERM |
| Topical term or geographic name entry element |
INFORMATION STORAGE AND RETRIEVAL SYSTEMS--NURSING |
| 700 ## - ADDED ENTRY--PERSONAL NAME |
| Personal name |
Saba, Virginia K |
| 995 ## - |
| -- |
MEDICAL LIBRARY OPEN ACCESS |
| -- |
0.00 |
| -- |
900784 |
| -- |
CBU-SCHOOL OF MEDICINE LIBRARY (Ndola) |
| -- |
1 |
| -- |
0.00 |
| -- |
RT 50.5 ESS |
| -- |
4 |
| -- |
AVAILABLE |
| -- |
Oct 25, 2011 |
| -- |
900784 |
| -- |
Medical Library Open Access Collection |
| 995 ## - |
| -- |
MEDICAL LIBRARY OPEN ACCESS |
| -- |
0.00 |
| -- |
900782 |
| -- |
CBU-SCHOOL OF MEDICINE LIBRARY (Ndola) |
| -- |
1 |
| -- |
0.00 |
| -- |
RT 50.5 ESS |
| -- |
2 |
| -- |
AVAILABLE |
| -- |
Oct 25, 2011 |
| -- |
900782 |
| -- |
Medical Library Open Access Collection |
| 995 ## - |
| -- |
MEDICAL LIBRARY OPEN ACCESS |
| -- |
0.00 |
| -- |
900785 |
| -- |
CBU-SCHOOL OF MEDICINE LIBRARY (Ndola) |
| -- |
1 |
| -- |
0.00 |
| -- |
RT 50.5 ESS |
| -- |
5 |
| -- |
AVAILABLE |
| -- |
Oct 25, 2011 |
| -- |
900785 |
| -- |
Medical Library Open Access Collection |
| 995 ## - |
| -- |
MEDICAL LIBRARY OPEN ACCESS |
| -- |
0.00 |
| -- |
900781 |
| -- |
CBU-SCHOOL OF MEDICINE LIBRARY (Ndola) |
| -- |
1 |
| -- |
0.00 |
| -- |
RT 50.5 ESS |
| -- |
1 |
| -- |
AVAILABLE |
| -- |
Oct 25, 2011 |
| -- |
900781 |
| -- |
Medical Library Open Access Collection |
| 995 ## - |
| -- |
MEDICAL LIBRARY OPEN ACCESS |
| -- |
0.00 |
| -- |
900783 |
| -- |
CBU-SCHOOL OF MEDICINE LIBRARY (Ndola) |
| -- |
1 |
| -- |
0.00 |
| -- |
RT 50.5 ESS |
| -- |
3 |
| -- |
AVAILABLE |
| -- |
Oct 25, 2011 |
| -- |
900783 |
| -- |
Medical Library Open Access Collection |
| 999 ## - |
| -- |
63830 |
| -- |
63830 |